[Event "Oslo Chess International 2014"]
[Site "Oslo"]
[Date "2014.09.28"]
[Round "1"]
[White "Istratescu, Andrei"]
[Black "Hjelmås, Lars"]
[Result "1-0"]
[WhiteElo "2653"]
[BlackElo "2302"]
[PlyCount "75"]
[EventDate "2014.??.??"]

1. e4 e6 2. d4 d5 3. Nc3 Bb4 4. e5 c5 5. a3 Ba5 6. b4 cxd4 7. Nb5 Bc7 8. f4 Ne7
9. Nf3 Bd7 10. Nxc7+ Qxc7 11. Bd3 a6 12. Bb2 Bb5 13. Bxb5+ axb5 14. Nxd4 Qc4
15. Qd3 Kd7 16. Rf1 Rc8 17. O-O-O Na6 18. f5 Qxd3 19. Rxd3 Nc7 20. fxe6+ fxe6
21. Rf7 Rg8 22. Rg3 Raf8 23. Rxf8 Rxf8 24. Rxg7 Ne8 25. Rxh7 Rf1+ 26. Kd2 Rf2+
27. Kd3 Rxg2 28. Bc1 Ng7 29. h4 Rg3+ 30. Ke2 Nc6 31. Kf2 Rg4 32. Nxb5 Kc8 33.
Nd6+ Kb8 34. Bg5 Nf5 35. Nxf5 exf5 36. e6 Re4 37. e7 Ka7 38. b5
1-0

[Event "Oslo Chess International 2014"]
[Site "Oslo"]
[Date "2014.09.28"]
[Round "1"]
[White "Haugli, Petter"]
[Black "Romanov, Evgeny"]
[Result "0-1"]
[WhiteElo "2277"]
[BlackElo "2647"]
[PlyCount "90"]
[EventDate "2014.??.??"]

1. d4 d5 2. c4 e6 3. Nc3 c5 4. e3 Nf6 5. Nf3 a6 6. cxd5 exd5 7. dxc5 Bxc5 8.
Be2 O-O 9. O-O Nc6 10. b3 Re8 11. Bb2 Ba7 12. Rc1 Qd6 13. Qd2 Bg4 14. Rfd1 Rad8
15. Qc2 d4 16. exd4 Bxf3 17. Bxf3 Nxd4 18. Ne4 Rxe4 19. Bxe4 Nxc2 20. Rxd6
Bxf2+ 21. Kf1 Rxd6 22. Bxf6 Rxf6 23. Rxc2 Bc5+ 24. Ke2 b6 25. Bf3 g6 26. h3 h5
27. Rc4 a5 28. Re4 Rd6 29. Rc4 Kg7 30. Rc2 Kf6 31. Rd2 Re6+ 32. Kd3 Kg5 33. Kc4
Kh4 34. Re2 Rf6 35. Bd5 Kg3 36. Rd2 Rf4+ 37. Kd3 g5 38. Ke2 Kh2 39. Bf3 f5 40.
Bd5 g4 41. hxg4 fxg4 42. Kd3 h4 43. Be4 Bf2 44. Re2 h3 45. gxh3 g3
0-1

[Event "Oslo Chess International 2014"]
[Site "Oslo"]
[Date "2014.09.28"]
[Round "1"]
[White "Prohaszka, Peter"]
[Black "Mihajlov, Sebastian"]
[Result "1-0"]
[WhiteElo "2588"]
[BlackElo "2257"]
[PlyCount "127"]
[EventDate "2014.??.??"]

1. Nf3 Nf6 2. g3 d5 3. Bg2 g6 4. b3 Bg7 5. Bb2 O-O 6. c4 c6 7. O-O Bg4 8. d4
Ne4 9. Ne5 Bf5 10. f3 Nf6 11. Nc3 Nbd7 12. e4 dxe4 13. fxe4 Nxe5 14. exf5 Neg4
15. Qd3 Nh6 16. fxg6 hxg6 17. Rad1 Nf5 18. Bh3 e6 19. g4 Nxg4 20. Bxg4 Qxd4+
21. Qxd4 Bxd4+ 22. Rxd4 Nxd4 23. Ne4 Rad8 24. Rd1 f5 25. Rxd4 Rxd4 26. Bxd4
fxg4 27. Nf6+ Kf7 28. Nxg4 Rd8 29. Ne5+ Kg8 30. Bxa7 Rd1+ 31. Kg2 Rd2+ 32. Bf2
Rxa2 33. Nxg6 Rb2 34. c5 Rxb3 35. Ne5 Kg7 36. Bd4 Kh6 37. h4 Kh5 38. Bf2 Rc3
39. Kf1 Rc2 40. Ke1 Ra2 41. Kf1 Rc2 42. Kg2 Rc3 43. Kh2 Rc2 44. Kg3 Rc3+ 45.
Kf4 Rc2 46. Nd3 Kg6 47. Ke4 Re2+ 48. Be3 Kf6 49. h5 Rh2 50. h6 Rh4+ 51. Bf4 Ke7
52. Ne5 Kf6 53. Nc4 Rh5 54. Be3 Rh4+ 55. Kd3 e5 56. Nd6 Ke6 57. Nxb7 Kd5 58.
Nd6 e4+ 59. Ke2 Rh2+ 60. Kf1 Rh3 61. Kg2 Rxe3 62. h7 Re2+ 63. Kg3 Kxc5 64. Nf5
1-0

[Event "Oslo Chess International 2014"]
[Site "Oslo"]
[Date "2014.09.28"]
[Round "1"]
[White "Raghavi, Nagarjan"]
[Black "Turov, Maxim"]
[Result "0-1"]
[WhiteElo "2253"]
[BlackElo "2586"]
[PlyCount "152"]
[EventDate "2014.??.??"]

1. e4 c5 2. Nf3 e6 3. g3 Nc6 4. Bg2 Nf6 5. Qe2 Be7 6. O-O O-O 7. e5 Ne8 8. c3
d5 9. d4 b6 10. Rd1 a5 11. Bf4 Ba6 12. Qe3 cxd4 13. cxd4 Nb4 14. Rd2 a4 15. a3
Nc6 16. Rc2 Rc8 17. Nc3 Na5 18. h4 h6 19. Re1 Qd7 20. h5 Kh7 21. Nh2 Nc4 22.
Qc1 f5 23. exf6 Bxf6 24. Bh3 Nc7 25. Qd1 Rce8 26. Ng4 Nb5 27. Nxf6+ Rxf6 28.
Nxa4 Nbxa3 29. Nxb6 Nxb6 30. bxa3 Nc4 31. Rc3 Bb5 32. Bf1 Kg8 33. Bd3 Ra8 34.
Bc1 Raf8 35. f4 Nd6 36. Bc2 Ra8 37. Qf3 Ba4 38. Bb1 Rb8 39. Qd3 Ne4 40. Rxe4
dxe4 41. Qxe4 Rxb1 42. Qxb1 Qxd4+ 43. Re3 Qd1+ 44. Kf2 Bc2 45. Qb2 Qxh5 46. Qb7
Bf5 47. a4 Qd1 48. Bb2 Rf7 49. Qc6 Rd7 50. Bc3 Bg4 51. Qe4 Bf5 52. Qc6 Bh3 53.
Re1 Qd3 54. Re2 Rd5 55. Qc7 Qg6 56. Be1 Bg4 57. Re5 Rxe5 58. Qxe5 Qc2+ 59. Ke3
Qe2+ 60. Kd4 Qd1+ 61. Kc5 Qxa4 62. Bc3 Qa7+ 63. Kd6 Bf5 64. Qc5 Qa6+ 65. Ke7
Qb7+ 66. Kd8 Qf3 67. Qe5 Qxg3 68. Ke7 Qh4+ 69. Ke8 Qh5+ 70. Ke7 Qf7+ 71. Kd8
Kh7 72. Qd6 h5 73. Qe7 Qxe7+ 74. Kxe7 h4 75. Be1 h3 76. Bg3 Kg6
0-1

[Event "Oslo Chess International 2014"]
[Site "Oslo"]
[Date "2014.09.28"]
[Round "1"]
[White "Solodovnichenko, Yuri"]
[Black "Tari, Aryan"]
[Result "1/2-1/2"]
[WhiteElo "2566"]
[BlackElo "2456"]
[PlyCount "110"]
[EventDate "2014.??.??"]

1. e4 e5 2. Nf3 Nc6 3. Bb5 Nf6 4. O-O Nxe4 5. d4 Nd6 6. Bg5 f6 7. dxe5 Nxb5 8.
exf6 gxf6 9. Bf4 d5 10. Qe2+ Be7 11. Qxb5 O-O 12. Nc3 Nb4 13. a3 c6 14. Qe2 Na6
15. Rfe1 Bd6 16. Bxd6 Qxd6 17. Nh4 Bd7 18. Qh5 Rae8 19. Nf5 Rxe1+ 20. Rxe1 Bxf5
21. Qxf5 Nc7 22. Nd1 Re8 23. Rxe8+ Nxe8 24. Ne3 Qe7 25. h4 Nd6 26. Qg4+ Kf8 27.
Qf4 Qe6 28. h5 Ke7 29. Ng4 Qf5 30. Qe3+ Qe4 31. Qg3 Qxc2 32. Nxf6 Qb1+ 33. Kh2
Qf5 34. Ng8+ Ke6 35. Qh4 Qf8 36. Qg5 Ne4 37. Qg4+ Kf7 38. f3 Nd6 39. Kg1 Ne8
40. Kf1 b6 41. b4 Qxg8 42. Qd7+ Kf6 43. Qxa7 d4 44. Qxb6 Qc4+ 45. Kf2 Qa2+ 46.
Ke1 Qb1+ 47. Kf2 Qa2+ 48. Ke1 Qe6+ 49. Kf2 Qe3+ 50. Kf1 Ke6 51. Qd8 Nf6 52.
Qc8+ Kd6 53. Qf8+ Ke6 54. Qc8+ Ke5 55. Qc7+ Kd5
1/2-1/2

[Event "Oslo Chess International 2014"]
[Site "Oslo"]
[Date "2014.09.28"]
[Round "1"]
[White "Papp, Gabor"]
[Black "Sousa, Ludy Helsio P"]
[Result "1-0"]
[WhiteElo "2559"]
[BlackElo "2228"]
[PlyCount "75"]
[EventDate "2014.??.??"]

1. e4 c5 2. Nf3 d6 3. d4 cxd4 4. Nxd4 Nf6 5. Nc3 a6 6. h3 e5 7. Nb3 Be6 8. g4
d5 9. exd5 Nxd5 10. Bg2 Nxc3 11. Qxd8+ Kxd8 12. bxc3 Kc7 13. f4 Bd6 14. Rb1 Nc6
15. f5 Bc4 16. Be3 f6 17. Kf2 b5 18. Rhd1 Rab8 19. Rxd6 Kxd6 20. Nc5 Rhc8 21.
Rd1+ Ke7 22. Rd7+ Kf8 23. Rd6 Nd8 24. Nxa6 Ke7 25. Rd1 Ra8 26. Bxa8 Rxa8 27.
Nc7 Rc8 28. Bc5+ Kf7 29. Rd7+ Kg8 30. Be3 Nc6 31. Ne6 Bxa2 32. Rxg7+ Kh8 33.
Rf7 b4 34. Rxf6 bxc3 35. Rf7 Nb4 36. Bg5 Bxe6 37. Bf6+ Kg8 38. fxe6
1-0

[Event "Oslo Chess International 2014"]
[Site "Oslo"]
[Date "2014.09.28"]
[Round "1"]
[White "Hanssen, Gunnar B."]
[Black "Werle, Jan"]
[Result "0-1"]
[WhiteElo "2204"]
[BlackElo "2523"]
[PlyCount "64"]
[EventDate "2014.??.??"]

1. Nf3 f5 2. d4 Nf6 3. c4 g6 4. g3 Bg7 5. Bg2 O-O 6. b3 d6 7. Bb2 Qe8 8. O-O h6
9. Nbd2 g5 10. e3 e5 11. dxe5 Nfd7 12. e4 f4 13. Bh3 Nc6 14. Rb1 Ndxe5 15. Bxc8
Rxc8 16. Nxe5 Nxe5 17. Bxe5 Qxe5 18. Re1 Qd4 19. g4 f3 20. Nf1 Rf4 21. h3 h5
22. gxh5 g4 23. Ng3 gxh3 24. Qxd4 Bxd4 25. Nf5 Bf6 26. Kh2 Kf7 27. Re3 Rh8 28.
h6 Rg8 29. Rg1 Rg2+ 30. Kh1 Be5 31. Rxg2 fxg2+ 32. Kg1 h2+
0-1

[Event "Oslo Chess International 2014"]
[Site "Oslo"]
[Date "2014.09.28"]
[Round "1"]
[White "Svane, Rasmus"]
[Black "Wallace, Paul"]
[Result "1-0"]
[WhiteElo "2506"]
[BlackElo "2200"]
[PlyCount "78"]
[EventDate "2014.??.??"]

1. d4 Nf6 2. c4 g6 3. Nc3 Bg7 4. e4 d6 5. Nf3 O-O 6. Be2 e5 7. O-O exd4 8. Nxd4
Re8 9. f3 c6 10. Bf4 Nh5 11. Be3 Nd7 12. Qd2 Nhf6 13. Rad1 Ne5 14. h3 a6 15.
Nc2 b5 16. cxb5 axb5 17. Qxd6 Qxd6 18. Rxd6 Be6 19. Bd4 Nfd7 20. f4 c5 21. Bxe5
Nxe5 22. Bxb5 Reb8 23. fxe5 Bxe5 24. Rxe6 fxe6 25. a4 Rd8 26. Bc4 Rd2 27. Bxe6+
Kg7 28. Rf7+ Kh6 29. Rf2 Rd3 30. Bc4 Rd7 31. Kf1 Rb8 32. Bb5 Ra7 33. Ne3 Bd4
34. Ncd5 Kg7 35. b3 Be5 36. Nc4 Bd4 37. Rf3 Rf8 38. Rxf8 Kxf8 39. Ke2 Rf7
1-0

[Event "Oslo Chess International 2014"]
[Site "Oslo"]
[Date "2014.09.28"]
[Round "1"]
[White "Lillevold, Frode"]
[Black "Hansen, Torbjørn R."]
[Result "1-0"]
[WhiteElo "2199"]
[BlackElo "2476"]
[PlyCount "82"]
[EventDate "2014.??.??"]

1. d4 Nf6 2. c4 e6 3. Nc3 Bb4 4. e3 c5 5. a3 Bxc3+ 6. bxc3 Nc6 7. Nf3 b6 8. Bd3
Ba6 9. O-O Na5 10. Qe2 Qc7 11. e4 cxd4 12. e5 Ng8 13. cxd4 Bxc4 14. Bd2 Bxd3
15. Qxd3 Ne7 16. Bxa5 bxa5 17. Rfc1 Nc6 18. Ng5 h6 19. Ne4 O-O 20. Rc3 Rab8 21.
Nf6+ gxf6 22. Qd2 Qb6 23. Qxh6 Qb1+ 24. Rxb1 Rxb1+ 25. Rc1 Rxc1+ 26. Qxc1 Nxd4
27. Qe3 Rc8 28. h4 Nf5 29. Qxa7 fxe5 30. Qxd7 Rc1+ 31. Kh2 Rc2 32. Qd8+ Kh7 33.
g4 Nd4 34. Kg2 Re2 35. h5 Re4 36. Qg5 f5 37. Qe7+ Kg8 38. Qe8+ Kg7 39. Qe7+ Kg8
40. g5 Rg4+ 41. Kf1 Rh4
1-0

[Event "Oslo Chess International 2014"]
[Site "Oslo"]
[Date "2014.09.28"]
[Round "1"]
[White "Andersen, Mads"]
[Black "Pranav, Vijay"]
[Result "1-0"]
[WhiteElo "2470"]
[BlackElo "2197"]
[PlyCount "55"]
[EventDate "2014.??.??"]

1. c4 Nf6 2. Nc3 d5 3. cxd5 Nxd5 4. g3 g6 5. Bg2 Nb6 6. Nf3 Bg7 7. d4 Nc6 8. e3
O-O 9. O-O a5 10. d5 Nb4 11. e4 c6 12. a3 Na6 13. Re1 cxd5 14. exd5 Bxc3 15.
bxc3 Qxd5 16. Qxd5 Nxd5 17. c4 Nb6 18. Rxe7 Be6 19. Bh6 Rfe8 20. Rxb7 Nxc4 21.
Ng5 Rad8 22. Ne4 Kh8 23. Nf6 Nc5 24. Rb5 Na4 25. Nxe8 Rxe8 26. Bf1 Nab2 27. Bc1
Nd1 28. Bg5
1-0

[Event "Oslo Chess International 2014"]
[Site "Oslo"]
[Date "2014.09.28"]
[Round "1"]
[White "Haug, Johannes"]
[Black "Elsness, Frode"]
[Result "1/2-1/2"]
[WhiteElo "2194"]
[BlackElo "2465"]
[PlyCount "74"]
[EventDate "2014.??.??"]

1. e4 e5 2. Nf3 Nc6 3. Bb5 a6 4. Bxc6 dxc6 5. O-O Bg4 6. h3 h5 7. d3 Qf6 8.
Nbd2 Ne7 9. Nc4 Bxf3 10. Qxf3 Qxf3 11. gxf3 Ng6 12. Rd1 O-O-O 13. Kf1 Be7 14.
Ke2 Bf6 15. c3 Rd7 16. Be3 Rhd8 17. a4 b6 18. b4 Nf8 19. Rd2 Ne6 20. Rad1 g6
21. Rg1 Kb7 22. Rdd1 Bh8 23. Rg2 Bf6 24. Rgg1 Kc8 25. Rd2 Bg7 26. Rdd1 Re8 27.
a5 b5 28. Nd2 Red8 29. Nb3 Bf8 30. d4 exd4 31. Nxd4 Nxd4+ 32. Rxd4 Bg7 33. Rxd7
Rxd7 34. Bd2 Bf8 35. Be3 Bg7 36. Bd2 Bf8 37. Be3 Bg7
1/2-1/2

[Event "Oslo Chess International 2014"]
[Site "Oslo"]
[Date "2014.09.28"]
[Round "1"]
[White "Galyas, Miklos"]
[Black "Goossens, Hanne"]
[Result "1-0"]
[WhiteElo "2421"]
[BlackElo "2187"]
[PlyCount "79"]
[EventDate "2014.??.??"]

1. d4 Nf6 2. Nf3 c5 3. d5 e6 4. Nc3 b5 5. Bg5 b4 6. Ne4 Bb7 7. c4 bxc3 8. Bxf6
c2 9. Bxd8 cxd1=Q+ 10. Rxd1 Kxd8 11. Nc3 Na6 12. e4 Nb4 13. Ne5 Ke7 14. dxe6
Kxe6 15. Nxf7 Nc2+ 16. Kd2 Kxf7 17. Kxc2 Bc6 18. Bb5 Be7 19. Bxc6 dxc6 20. Rd7
Ke6 21. Rhd1 Rhf8 22. f3 a5 23. Rc7 Rfc8 24. Rdd7 Rxc7 25. Rxc7 Kd6 26. Rb7 a4
27. f4 g6 28. g4 Rf8 29. f5 gxf5 30. exf5 Re8 31. Nxa4 Bg5 32. Nc3 c4 33. Rxh7
Re1 34. b3 Kc5 35. h4 Be3 36. Re7 Kb4 37. f6 Rc1+ 38. Kb2 Bd2 39. f7 Rf1 40.
a3+
1-0

[Event "Oslo Chess International 2014"]
[Site "Oslo"]
[Date "2014.09.28"]
[Round "1"]
[White "Merkesvik, Sondre"]
[Black "Gledura, Benjamin"]
[Result "0-1"]
[WhiteElo "2179"]
[BlackElo "2414"]
[PlyCount "62"]
[EventDate "2014.??.??"]

1. Nf3 d5 2. g3 Nf6 3. Bg2 Bf5 4. O-O c6 5. d4 e6 6. Nbd2 h6 7. c4 Nbd7 8. Re1
Be7 9. b3 O-O 10. Bb2 Ne4 11. a3 a5 12. Ne5 Nxe5 13. Nxe4 Nxc4 14. bxc4 Bxe4
15. Bxe4 dxe4 16. e3 f5 17. Qb3 a4 18. Qxb7 Rb8 19. Qxc6 Rxb2 20. Qxe6+ Kh8 21.
c5 Rc2 22. Reb1 Bg5 23. Qe5 Bf6 24. Qxf5 Bxd4 25. Qxe4 Rfxf2 26. exd4 Rce2 27.
Qd3 Rg2+ 28. Kh1 Rxh2+ 29. Kg1 Rh1+ 30. Kxh1 Qd5+ 31. Kg1 Qg2#
0-1

[Event "Oslo Chess International 2014"]
[Site "Oslo"]
[Date "2014.09.28"]
[Round "1"]
[White "Bellia, Fabrizio"]
[Black "Bjerke, Richard"]
[Result "1-0"]
[WhiteElo "2408"]
[BlackElo "2172"]
[PlyCount "69"]
[EventDate "2014.??.??"]

1. e4 e6 2. d4 d5 3. Nd2 Nf6 4. e5 Nfd7 5. Bd3 c5 6. c3 Nc6 7. Ne2 cxd4 8. cxd4
f6 9. exf6 Nxf6 10. O-O Bd6 11. Nf3 Qc7 12. Be3 O-O 13. h3 Bd7 14. Re1 Rae8 15.
Rc1 Qb6 16. Qd2 Nb4 17. Bb1 Ne4 18. Qd1 Nf6 19. Ne5 Bb5 20. Nc3 Ba6 21. Na4 Qd8
22. Nc5 Bxc5 23. Rxc5 Ne4 24. Rc1 Qh4 25. f3 Ng3 26. Qd2 Nc6 27. Nxc6 bxc6 28.
Bf2 g5 29. Kh2 Qf4 30. Qxf4 gxf4 31. Rxc6 Nf1+ 32. Kg1 Bb5 33. Rc5 a6 34. a4
Bc4 35. b3
1-0

[Event "Oslo Chess International 2014"]
[Site "Oslo"]
[Date "2014.09.28"]
[Round "1"]
[White "Andersen, Alf Roger"]
[Black "Djurovic, Goran"]
[Result "0-1"]
[WhiteElo "2170"]
[BlackElo "2408"]
[PlyCount "90"]
[EventDate "2014.??.??"]

1. e4 c5 2. Nf3 d6 3. d4 cxd4 4. Qxd4 a6 5. Bg5 Nc6 6. Qd2 h6 7. Be3 Nf6 8. Nc3
e6 9. O-O-O Be7 10. h3 b5 11. Nd4 Bb7 12. Nxc6 Bxc6 13. f3 Qc7 14. Bd3 b4 15.
Ne2 d5 16. e5 Nd7 17. f4 Nc5 18. Kb1 Ne4 19. Bxe4 dxe4 20. Bd4 O-O-O 21. Qe3
Kb7 22. Ng3 Rd7 23. Bc5 Bd5 24. Bxe7 Rxe7 25. Nxe4 Qb6 26. Nd6+ Ka7 27. Qxb6+
Kxb6 28. Rhg1 f6 29. g3 Rf8 30. h4 Kc5 31. Rge1 fxe5 32. fxe5 Rf3 33. Rd3 Rxd3
34. cxd3 Kd4 35. Kc2 a5 36. Nc4 a4 37. b3 a3 38. Kd2 Rf7 39. Re2 Rf1 40. Nd6
Ra1 41. Nb5+ Kc5 42. Nxa3 bxa3 43. Ke3 Rg1 44. Rc2+ Kb6 45. Rc8 Rxg3+
0-1

[Event "Oslo Chess International 2014"]
[Site "Oslo"]
[Date "2014.09.28"]
[Round "1"]
[White "Manea, Alexandru"]
[Black "Mihajlov, Svetoslav"]
[Result "0-1"]
[WhiteElo "2368"]
[BlackElo "2154"]
[PlyCount "120"]
[EventDate "2014.??.??"]

1. Nf3 Nf6 2. c4 c6 3. Nc3 d5 4. e3 Nbd7 5. Qc2 e6 6. b3 Bd6 7. Bb2 O-O 8. Be2
e5 9. cxd5 Nxd5 10. O-O f5 11. d3 Qe7 12. a3 a5 13. Rfe1 Nxc3 14. Qxc3 e4 15.
Nd2 Nf6 16. Qc2 Be5 17. Bxe5 Qxe5 18. Nc4 Qc7 19. Red1 Be6 20. Rab1 Bd5 21. h3
Rfe8 22. Qc3 b5 23. Nd2 f4 24. dxe4 Nxe4 25. Nxe4 Bxe4 26. Bd3 fxe3 27. fxe3
Qb6 28. Kh1 Qxe3 29. Bc4+ bxc4 30. Qxe3 Bxg2+ 31. Kxg2 Rxe3 32. bxc4 Rxa3 33.
Rb7 Kh8 34. Rdd7 Rg8 35. Rbc7 h6 36. Rxc6 Rb8 37. Rcd6 Rb2+ 38. Rd2 Rbb3 39. h4
Rg3+ 40. Kf2 Rh3 41. R7d4 Rac3 42. Ke2 a4 43. Rg4 Rhe3+ 44. Kd1 a3 45. Rd8+ Kh7
46. Rd7 Rcd3+ 47. Rxd3 Rxd3+ 48. Kc2 Rd1 49. Kxd1 a2 50. Kc2 a1=Q 51. Re4 Kg6
52. c5 Kf5 53. Rc4 Qa6 54. Kc3 Qc6 55. Kb4 g5 56. hxg5 hxg5 57. Rd4 Qb7+ 58.
Kc4 g4 59. Rd6 g3 60. c6 Qb6
0-1

[Event "Oslo Chess International 2014"]
[Site "Oslo"]
[Date "2014.09.28"]
[Round "1"]
[White "Wieweg, Johnny"]
[Black "Nilsen, Joachim B."]
[Result "0-1"]
[WhiteElo "2140"]
[BlackElo "2363"]
[PlyCount "150"]
[EventDate "2014.??.??"]

1. e4 c5 2. Nc3 g6 3. f4 Bg7 4. Nf3 Nc6 5. Bc4 e6 6. O-O Nge7 7. e5 d5 8. exd6
Nf5 9. Bb5 Bd7 10. d3 Nxd6 11. Bxc6 Bxc6 12. Ne5 Qc7 13. Nxc6 Qxc6 14. Qf3 Qxf3
15. Rxf3 Nf5 16. Ne4 O-O-O 17. c3 b6 18. g4 Ne7 19. h3 Rd7 20. Kf1 Rhd8 21. Ke2
h6 22. Nf2 Bf6 23. Bd2 Bh4 24. Nh1 Nd5 25. Raf1 f6 26. Nf2 Bxf2 27. R1xf2 Kb7
28. c4 Ne7 29. Bc3 Rf8 30. Re3 Rd6 31. Kd2 Kc8 32. Rfe2 Kd7 33. b4 Nc6 34. bxc5
bxc5 35. Re1 Ke7 36. Rb1 Rb8 37. Rxb8 Nxb8 38. Re1 Nd7 39. Rb1 Ra6 40. Rb2 g5
41. fxg5 hxg5 42. Ke3 Ra3 43. Rc2 Kd6 44. Bb2 Ra4 45. Rf2 e5 46. a3 Ra6 47. h4
gxh4 48. Rh2 Rb6 49. Bc1 Rb1 50. Kd2 Ke6 51. Rxh4 Rb8 52. Kc2 Rg8 53. Be3 Kd6
54. g5 f5 55. Rh6+ Ke7 56. Bf2 Kf7 57. Bh4 Rg6 58. Rh7+ Ke6 59. Kb3 f4 60. Ka4
a6 61. Ka5 Rg8 62. a4 Nf8 63. Rh6+ Kf5 64. Kxa6 Ng6 65. a5 Nxh4 66. Rxh4 f3 67.
Kb7 Rd8 68. a6 Rxd3 69. a7 Rb3+ 70. Kc6 Ra3 71. Kb7 Kxg5 72. Rh8 e4 73. a8=Q
Rxa8 74. Rxa8 e3 75. Kc6 f2
0-1

[Event "Oslo Chess International 2014"]
[Site "Oslo"]
[Date "2014.09.28"]
[Round "1"]
[White "Gara, Anita"]
[Black "Gonzàlez, Francisco Silva"]
[Result "1-0"]
[WhiteElo "2322"]
[BlackElo "2130"]
[PlyCount "101"]
[EventDate "2014.??.??"]

1. e4 e5 2. Nf3 Nc6 3. Bc4 Bc5 4. c3 Qe7 5. O-O d6 6. b4 Bb6 7. a4 a5 8. b5 Nb8
9. d4 Nd7 10. Re1 Ngf6 11. Nbd2 Nf8 12. Ba3 Ng6 13. h3 O-O 14. Nf1 Nh5 15. Ne3
Nhf4 16. Nd5 Nxd5 17. exd5 Qf6 18. dxe5 Nxe5 19. Rxe5 dxe5 20. Bxf8 Kxf8 21.
Qe2 Qf4 22. Qxe5 Qxc4 23. Re1 Bxf2+ 24. Kxf2 Qc5+ 25. Qd4 Qxd4+ 26. Nxd4 Bd7
27. c4 b6 28. Rc1 Ke7 29. c5 bxc5 30. Nb3 Kd6 31. Nxc5 Bf5 32. Na6 Ra7 33. Ke3
Kxd5 34. Rc5+ Ke6 35. Nxc7+ Kf6 36. b6 Rb7 37. Rxa5 Bd7 38. Ra7 Rb8 39. Nd5+
Ke6 40. a5 Bc6 41. Nf4+ Kd6 42. Rxf7 Rb7 43. Rxb7 Bxb7 44. g3 g5 45. Nd3 Bc8
46. h4 gxh4 47. gxh4 Kd5 48. a6 Bxa6 49. Nb4+ Kc5 50. Nxa6+ Kxb6 51. Kf4
1-0

[Event "Oslo Chess International 2014"]
[Site "Oslo"]
[Date "2014.09.28"]
[Round "1"]
[White "Einarsen, Kenneth"]
[Black "Basso, Pier Luigi"]
[Result "1/2-1/2"]
[WhiteElo "2106"]
[BlackElo "2322"]
[PlyCount "72"]
[EventDate "2014.??.??"]

1. d4 Nf6 2. Nf3 e6 3. Bf4 c5 4. e3 Qb6 5. Qc1 Nc6 6. c3 d5 7. Bd3 Bd7 8. O-O
Rc8 9. Ne5 Nxe5 10. dxe5 Nh5 11. Nd2 h6 12. Be2 Nxf4 13. exf4 g5 14. c4 gxf4
15. Nf3 Bg7 16. b3 Bc6 17. Qxf4 dxc4 18. Nd2 O-O 19. Nxc4 Qc7 20. Qe3 Bd5 21.
f4 f6 22. Rad1 Rcd8 23. f5 fxe5 24. fxe6 Bxe6 25. Rxf8+ Rxf8 26. Rd6 Bf7 27.
Qe4 Rd8 28. Qd3 Rxd6 29. Nxd6 e4 30. Nxe4 Bd4+ 31. Kh1 Qf4 32. Qf3 Qxf3 33.
Bxf3 a5 34. Nd6 Bg6 35. Nxb7 a4 36. Bd5+ Kg7
1/2-1/2

[Event "Oslo Chess International 2014"]
[Site "Oslo"]
[Date "2014.09.28"]
[Round "1"]
[White "Hauge, Lars Oskar"]
[Black "Djurhuus, Eivind X"]
[Result "1-0"]
[WhiteElo "2322"]
[BlackElo "2105"]
[PlyCount "59"]
[EventDate "2014.??.??"]

1. e4 e6 2. d4 d5 3. Nd2 Nf6 4. e5 Nfd7 5. f4 c5 6. Ngf3 Nc6 7. Nb3 cxd4 8.
Nbxd4 Qb6 9. Be2 Bc5 10. c3 O-O 11. O-O f6 12. Kh1 Re8 13. Bd3 g6 14. exf6 Nxf6
15. Nxc6 bxc6 16. Qe2 a5 17. Ne5 Ba6 18. c4 Rad8 19. Rb1 Nd7 20. b3 Qc7 21. Ng4
Bd4 22. Bb2 c5 23. Bxd4 cxd4 24. cxd5 exd5 25. Qf3 Bxd3 26. Qxd3 Qc3 27. Qb5 d3
28. Qxd5+ Kg7 29. Rbc1 Qd2 30. Qd4+
1-0

[Event "Oslo Chess International 2014"]
[Site "Oslo"]
[Date "2014.09.28"]
[Round "1"]
[White "Kjølberg, Jens Hjorth"]
[Black "Arvola, Benjamin"]
[Result "0-1"]
[WhiteElo "2058"]
[BlackElo "2318"]
[PlyCount "114"]
[EventDate "2014.??.??"]

1. e4 e5 2. Nf3 Nc6 3. Bb5 a6 4. Ba4 Nf6 5. O-O Be7 6. d3 d6 7. c4 O-O 8. h3 h6
9. Nc3 Re8 10. Be3 Bd7 11. Qd2 Bf8 12. a3 Ne7 13. Bxd7 Nxd7 14. d4 f5 15. dxe5
Nxe5 16. Nxe5 dxe5 17. Rad1 f4 18. Bc5 Nc6 19. Bxf8 Rxf8 20. Qd7 Qxd7 21. Rxd7
Rf7 22. Rfd1 Nd4 23. Rd5 Re8 24. f3 Rf6 25. Na4 Rg6 26. Kf2 Nc2 27. Rd7 Ne3 28.
Rg1 Nxc4 29. Rxc7 Ne3 30. g3 Ree6 31. Rxb7 Kh7 32. Nc3 Rd6 33. gxf4 Rxg1 34.
Kxg1 exf4 35. Rf7 Rg6+ 36. Kf2 Rg2+ 37. Ke1 Rxb2 38. Nd5 Kg6 39. Ra7 Nxd5 40.
exd5 Rb6 41. Rc7 Rb3 42. Rc6+ Kf5 43. Ke2 Re3+ 44. Kf2 Rxa3 45. d6 Ra2+ 46. Kg1
Rd2 47. Rxa6 Kg5 48. Ra7 g6 49. Ra6 Kh4 50. d7 g5 51. Rxh6+ Kg3 52. Kf1 Kxf3
53. Ke1 Rxd7 54. Rh5 g4 55. hxg4 Kg2 56. Rc5 Re7+ 57. Kd2 f3
0-1

[Event "Oslo Chess International 2014"]
[Site "Oslo"]
[Date "2014.09.28"]
[Round "2"]
[White "Gledura, Benjamin"]
[Black "Istratescu, Andrei"]
[Result "1/2-1/2"]
[WhiteElo "2414"]
[BlackElo "2653"]
[PlyCount "95"]
[EventDate "2014.??.??"]

1. d4 Nf6 2. c4 g6 3. Nc3 Bg7 4. e4 O-O 5. Nf3 d6 6. Be2 c5 7. O-O Nc6 8. d5
Na5 9. h3 e5 10. a3 b6 11. b4 Nb7 12. Ne1 Ne8 13. Bd2 Bd7 14. Nc2 Qe7 15. Rb1
f5 16. exf5 Bxf5 17. Rb3 Nf6 18. a4 Rac8 19. Nb5 Ra8 20. Ne3 Ne4 21. Be1 cxb4
22. Rxb4 Bh6 23. Nxf5 gxf5 24. Rb3 Kh8 25. Kh1 Rg8 26. Rf3 Rg5 27. Rg1 Nbc5 28.
Qa1 Rag8 29. a5 a6 30. Nc3 bxa5 31. Qxa5 Nb3 32. Qxa6 Nd4 33. Nxe4 fxe4 34. Re3
Nc2 35. Rxe4 Nxe1 36. Rxe1 Rxg2 37. Rg4 R8xg4 38. Bxg4 Rxf2 39. Qc8+ Qf8 40.
Qxf8+ Bxf8 41. c5 dxc5 42. Rxe5 Rd2 43. Bf3 Bd6 44. Re2 Rd3 45. Kg2 c4 46. Re6
Rd2+ 47. Re2 Rd3 48. Re6
1/2-1/2

[Event "Oslo Chess International 2014"]
[Site "Oslo"]
[Date "2014.09.28"]
[Round "2"]
[White "Romanov, Evgeny"]
[Black "Bellia, Fabrizio"]
[Result "1/2-1/2"]
[WhiteElo "2647"]
[BlackElo "2408"]
[PlyCount "98"]
[EventDate "2014.??.??"]

1. e4 c6 2. Nc3 d5 3. Nf3 dxe4 4. Nxe4 Nf6 5. Nxf6+ exf6 6. Bc4 Bd6 7. Qe2+ Qe7
8. Qxe7+ Kxe7 9. O-O Rd8 10. d3 Nd7 11. Nd2 Kf8 12. a4 Nb6 13. Bb3 Be6 14. a5
Nd5 15. Nc4 Bc7 16. Bd2 b5 17. Na3 Ne7 18. Ba2 Be5 19. Rfb1 Nf5 20. Bb4+ Kg8
21. Kf1 a6 22. Bc5 h5 23. h3 g5 24. Ke2 Re8 25. Bxe6 Rxe6 26. Kf1 Rd8 27. Bb6
Rd5 28. Ra2 g4 29. Re1 g3 30. Nb1 gxf2 31. Bxf2 Ng3+ 32. Kg1 Bd4 33. Rxe6 fxe6
34. Nd2 Ne2+ 35. Kf1 Rf5 36. Nf3 Bxf2 37. Kxe2 Bg3 38. b3 c5 39. c4 b4 40. Ke3
Kf7 41. Ra1 Ke7 42. Rd1 e5 43. Ke2 Ke6 44. Rd2 Rf4 45. Kd1 f5 46. Ke2 Kf6 47.
Rd1 Ke6 48. Rd2 Kf6 49. Rd1 Ke6
1/2-1/2

[Event "Oslo Chess International 2014"]
[Site "Oslo"]
[Date "2014.09.28"]
[Round "2"]
[White "Rozentalis, Eduardas"]
[Black "Lillevold, Frode"]
[Result "1/2-1/2"]
[WhiteElo "2615"]
[BlackElo "2199"]
[PlyCount "118"]
[EventDate "2014.??.??"]

1. e4 e5 2. Nc3 Nf6 3. g3 d5 4. exd5 Nxd5 5. Bg2 Be6 6. Nge2 Nc6 7. O-O Be7 8.
d4 exd4 9. Nxd4 Nxc3 10. bxc3 Nxd4 11. cxd4 c6 12. Qd3 O-O 13. c4 Qd7 14. Be3
Rad8 15. Rad1 Bh3 16. Bxh3 Qxh3 17. d5 cxd5 18. cxd5 b6 19. Rfe1 Rd7 20. Bf4
Bd6 21. Qe4 Qg4 22. f3 Qg6 23. Qa4 Rfd8 24. Re8+ Rxe8 25. Qxd7 Bc5+ 26. Kf1 Rf8
27. Qa4 h5 28. Qe4 Qxe4 29. fxe4 f6 30. Ke2 Kf7 31. h4 Ke7 32. Kd3 Kd7 33. Rd2
Rc8 34. e5 fxe5 35. Bxe5 Bd6 36. Bf4 Bxf4 37. gxf4 Kd6 38. Rg2 Rc5 39. Rg6+
Kxd5 40. Rxg7 Ke6 41. Rxa7 Kf5 42. Rf7+ Kg4 43. Ke4 Ra5 44. Rg7+ Kxh4 45. f5
Rxa2 46. f6 Rf2 47. f7 b5 48. Kd5 b4 49. Ke6 Re2+ 50. Kd6 Rf2 51. Ke7 Re2+ 52.
Kf8 Rf2 53. Rg6 b3 54. Kg7 b2 55. Rb6 Kg3 56. Rb3+ Kg4 57. Rxb2 Rxf7+ 58. Kxf7
h4 59. Kf6 h3
1/2-1/2

[Event "Oslo Chess International 2014"]
[Site "Oslo"]
[Date "2014.09.28"]
[Round "2"]
[White "Djurovic, Goran"]
[Black "Prohaszka, Peter"]
[Result "1/2-1/2"]
[WhiteElo "2408"]
[BlackElo "2588"]
[PlyCount "56"]
[EventDate "2014.??.??"]

1. c4 c6 2. Nf3 d5 3. e3 Nf6 4. d4 g6 5. Nc3 Bg7 6. Be2 O-O 7. O-O a6 8. a4 a5
9. Qb3 e6 10. Qd1 Na6 11. b3 b6 12. Ba3 Re8 13. Ne5 Bb7 14. f4 Nb4 15. Bf3 Nd7
16. Qe2 f6 17. Nxd7 Qxd7 18. Rad1 Rad8 19. Na2 Nxa2 20. Qxa2 e5 21. Qf2 exf4
22. exf4 f5 23. cxd5 cxd5 24. Qd2 Re6 25. Rfe1 Rde8 26. Kf2 Bf6 27. g3 Qg7 28.
Bb2 Rxe1
1/2-1/2